[Event "Hofheim Spring op-B 2nd"]
[Site "Hofheim"]
[Date "2014.04.26"]
[Round "8"]
[White "Lehmann, Falko"]
[Black "Bauermees, Thomas"]
[Result "0-1"]
[WhiteElo "1380"]
[BlackElo "1673"]
[PlyCount "66"]
[EventDate "2014.04.22"]
[EventType "swiss"]
[EventRounds "9"]
[EventCountry "GER"]
[SourceTitle "CBM 160 Extra"]
[Source "ChessBase"]
[SourceDate "2014.07.01"]
[SourceVersion "1"]
[SourceVersionDate "2014.07.01"]
[SourceQuality "1"]

1. d4 Nf6 2. Nf3 e6 3. e3 b6 4. Bd3 c5 5. c3 Be7 6. Nbd2 Ba6 7. Qe2 Bxd3 8. Qxd3 d5 9. 0-0 0-0 10. e4 dxe4 11. Nxe4 cxd4 12. cxd4 Nc6 13. Nxf6+ Bxf6 14. Be3 Nb4 15. Qb3 Nd5 16. Rac1 Qd7 17. Ne5 Qb7 18. a3 Rac8 19. Nc4 Nxe3 20. fxe3 Qd5 21. Nd2 Bxd4 22. Qxd5 Bxe3+ 23. Kh1 exd5 24. Rxc8 Rxc8 25. Nf3 Rc1 26. Re1 Bd2 27. Rxc1 Bxc1 28. Nd4 Bxb2 29. Nb5 d4 30. Nd6 Bxa3 31. Nb5 d3 32. Nc3 Bb4 33. Nd1 a5 0-1

[Event "Hofheim Spring op-B 2nd"]
[Site "Hofheim"]
[Date "2014.04.24"]
[Round "4"]
[White "Lehmann, Falko"]
[Black "Stecher, Armin"]
[Result "1/2-1/2"]
[WhiteElo "1380"]
[BlackElo "1590"]
[PlyCount "49"]
[EventDate "2014.04.22"]
[EventType "swiss"]
[EventRounds "9"]
[EventCountry "GER"]
[SourceTitle "CBM 160 Extra"]
[Source "ChessBase"]
[SourceDate "2014.07.01"]
[SourceVersion "1"]
[SourceVersionDate "2014.07.01"]
[SourceQuality "1"]

1. d4 d5 2. Nf3 Nf6 3. e3 e6 4. Bd3 c5 5. c3 c4 6. Bc2 Nc6 7. Nbd2 a6 8. 0-0 Be7 9. Qe2 0-0 10. e4 b5 11. exd5 exd5 12. Ne5 Bd7 13. Nxd7 Qxd7 14. Nf3 Bd6 15. Bg5 Rfe8 16. Be3 Ng4 17. h3 Nxe3 18. fxe3 h6 19. Nh4 g6 20. Qf3 Qe7 21. Rae1 Rad8 22. g3 Qe6 23. Kg2 Be7 24. Qg4 Qxg4 25. hxg4 1/2-1/2

[Event "Wiesbaden op"]
[Site "Wiesbaden"]
[Date "2007.08.09"]
[Round "5"]
[White "Ehling, Dieter"]
[Black "Lehmann, Falko"]
[Result "1-0"]
[WhiteElo "1325"]
[BlackElo "1395"]
[PlyCount "123"]
[EventDate "2007.08.02"]
[EventType "swiss"]
[EventRounds "7"]
[EventCountry "GER"]
[SourceTitle "EXT 2008"]
[Source "ChessBase"]
[SourceDate "2007.11.25"]
[SourceVersion "1"]
[SourceVersionDate "2007.11.25"]
[SourceQuality "1"]

1. e4 d5 2. exd5 Nf6 3. d4 Nxd5 4. Nf3 Bg4 5. h3 Bh5 6. c4 Nb6 7. Be2 e6 8. Ne5 Bxe2 9. Qxe2 Bb4+ 10. Nc3 0-0 11. Be3 f6 12. Nf3 Nc6 13. 0-0 Bxc3 14. bxc3 Na5 15. c5 Nd5 16. Bd2 Nc6 17. Qxe6+ Kh8 18. Qg4 f5 19. Qg3 Nf6 20. Bg5 h6 21. Bxf6 Rxf6 22. Ne5 Nxe5 23. dxe5 Re6 24. Rad1 Qe7 25. Qe3 Rxe5 26. Qf3 c6 27. Rd6 Rxc5 28. Rfd1 Qe5 29. Qh5 Qe8 30. Qf3 Qe5 31. Rd7 Rxc3 32. Qh5 Qe8 33. Qxe8+ Rxe8 34. Rxb7 a5 35. Rdd7 Rg8 36. Ra7 Ra3 37. Rdc7 Rxa2 38. Rxc6 a4 39. Rcc7 Kh7 40. Rc5 Rf8 41. Rcc7 Rg8 42. h4 h5 43. f3 Kh6 44. Rc6+ Kh7 45. Rf7 a3 46. Rxf5 g6 47. Ra5 Ra1+ 48. Kh2 Re8 49. Raa6 Rg8 50. Kg3 a2 51. Ra7+ Kh6 52. Rcc7 Rh8 53. f4 Re1 54. Rxa2 Re3+ 55. Kf2 Ree8 56. Raa7 Ref8 57. Kf3 Rc8 58. g4 hxg4+ 59. Kxg4 Rxc7 60. Rxc7 Rf8 61. Rc6 Rf5 62. Re6 1-0

[Event "Wiesbaden op"]
[Site "Wiesbaden"]
[Date "2007.08.09"]
[Round "7"]
[White "Lehmann, Falko"]
[Black "Koenitz, Klaus"]
[Result "1/2-1/2"]
[WhiteElo "1395"]
[BlackElo "1713"]
[PlyCount "44"]
[EventDate "2007.08.02"]
[EventType "swiss"]
[EventRounds "7"]
[EventCountry "GER"]
[SourceTitle "EXT 2008"]
[Source "ChessBase"]
[SourceDate "2007.11.25"]
[SourceVersion "1"]
[SourceVersionDate "2007.11.25"]
[SourceQuality "1"]

1. d4 d5 2. Nf3 Nf6 3. e3 e6 4. Nbd2 c5 5. c3 cxd4 6. exd4 Nc6 7. Bd3 Be7 8. 0-0 0-0 9. Re1 Bd7 10. Ne5 Qc7 11. f4 a6 12. Ndf3 b5 13. Nxd7 Qxd7 14. Ne5 Qc7 15. a3 Rab8 16. Bd2 Na5 17. b4 Nc4 18. Nxc4 dxc4 19. Bc2 Bd6 20. Qf3 Nd5 21. Qh3 g6 22. g3 Rfe8 1/2-1/2

[Event "Wiesbaden op"]
[Site "Wiesbaden"]
[Date "2007.08.02"]
[Round "1"]
[White "Lukas, Sebastian"]
[Black "Lehmann, Falko"]
[Result "1-0"]
[WhiteElo "1765"]
[BlackElo "1395"]
[PlyCount "71"]
[EventDate "2007.08.02"]
[EventType "swiss"]
[EventRounds "7"]
[EventCountry "GER"]
[SourceTitle "EXT 2008"]
[Source "ChessBase"]
[SourceDate "2007.11.25"]
[SourceVersion "1"]
[SourceVersionDate "2007.11.25"]
[SourceQuality "1"]

1. e4 d5 2. exd5 Nf6 3. Nc3 c6 4. dxc6 Nxc6 5. Bb5 e5 6. Nf3 Bg4 7. h3 Bh5 8. g4 Bg6 9. Nxe5 Rc8 10. Bxc6+ bxc6 11. Nxg6 hxg6 12. d3 Bc5 13. Qe2+ Qe7 14. Qxe7+ Bxe7 15. f3 Nd5 16. Nxd5 Bh4+ 17. Kd1 cxd5 18. Be3 a6 19. Kd2 Bf6 20. c3 g5 21. Rae1 Kd7 22. Bf2 a5 23. Bg3 Rce8 24. Rxe8 Rxe8 25. Re1 Rxe1 26. Bxe1 Be5 27. Bf2 g6 28. Be3 f6 29. Kc2 Kc6 30. a4 Bf4 31. Bxf4 gxf4 32. b4 axb4 33. cxb4 Kb6 34. a5+ Kb5 35. Kc3 g5 36. Kd4 1-0